000 00758nam a22002057a 4500
005 20250909125509.0
008 250909b |||||||| |||| 00| 0 eng d
037 _cTB
040 _aAL
_cAL
041 _2pun
_apun
050 _bAL
084 _qAL
100 _aਸੁਰਜੀਤ ਹਾਂਸ
_9820676
245 _aਜਨਮ ਸਾਖੀ ਗੁਰੂ ਬਾਬਾ ਨਾਨਕ ਪੇੰਟਿੰਗ
260 _aਅੰਮ੍ਰਿਤਸਰ , ਭਾਰਤ:
_bਗੁਰੂ ਨਾਨਕਦੇਵ ਯੁਨੀਵਰਸੀਟੀ
_c1986.
300 _a58ਪ.
365 _b300.00
_cINR
942 _2CC
_cTB
_hQ8441:33w(NQ) 153M6;P2
_n0
999 _c1435259
_d1435259